| 000 | 00600nam a2200229Ia 4500 | ||
|---|---|---|---|
| 003 | OSt | ||
| 005 | 20230608090428.0 | ||
| 008 | 210423s2012 xx 000 0 und d | ||
| 020 | _a978-81-316-0502-8 | ||
| 040 | _cAL | ||
| 041 | _aeng | ||
| 082 | _a361.3 ADAS | ||
| 100 |
_aADAMS (Robert) _9121989 |
||
| 245 | _aShort guide to social work | ||
| 260 |
_aNew Delhi _bRawat Publications _c2012 |
||
| 300 |
_axiii,240 _bPB |
||
| 365 |
_b595 _cINR |
||
| 650 |
_aSocial Problems & Services _9121990 |
||
| 650 |
_aSocial Work _9121991 |
||
| 906 | _aguide ; Short ; social ; work | ||
| 942 |
_2ddc _cBK |
||
| 999 |
_c176264 _d176264 |
||